Stručná história a súpis premiér Východoslovenského národného divadla Košice

Bibliographic Details
Main Author: Polák, Milan, 1932-2022 (Author)
Corporate Author: Východoslovenské národné divadlo (Author)
Format: Book
Language:Slovak
PhysicalDescription:109 s. 21 cm
Published: Bratislava Národné divadelné centrum 1995
ISBN:8085455188
Series:Súpis premiér profesionálnych divadiel na Slovensku
Subjects:

MARC

LEADER 00000nam a2200000 a 4500
001 vtls001217413
003 SK-MaSNL
005 20260301002901.0
008 251029s1995 xo 000 0 slo
015 |a SNBE1996/0100635 
020 |a 8085455188 
035 |a SNK000160542 
035 |a urn:nbn:sk:snk-amkf2a 
035 |a urn:nbn:sk:snk-am003ukd 
035 |a 23C51ED6-A9A4-4F05-862F-8E1E5CE8AEAC 
040 |a SNK  |b slo  |c SNK  |e AACR2 
041 0 |a slo 
044 |a xo  |c SK 
080 |a 792(437.671)(083.9)"1924/1930" "1937/1938"  |2 1981 
100 1 |a Polák, Milan,  |d 1932-2022  |4 aut  |9 102381 
245 1 0 |a Stručná história a súpis premiér Východoslovenského národného divadla Košice  |c Milan Polák 
260 |a Bratislava  |b Národné divadelné centrum  |c 1995 
300 |a 109 s.  |c 21 cm 
490 1 |a Súpis premiér profesionálnych divadiel na Slovensku  |v zv. 2 
500 |a 500 výt. 
610 2 7 |a Východoslovenské národné divadlo  |2 SNK  |9 29592 
651 7 |a Košice (Slovensko)  |2 SNK  |9 18694 
655 7 |a informačné publikácie  |2 SNK  |9 70181 
710 0 |a Východoslovenské národné divadlo  |4 aut  |9 29592 
830 0 |a Súpis premiér profesionálnych divadiel na Slovensku  |9 283405 
919 |a 80-85455-18-8 
958 |a TL 
999 |c 538321  |d 540251 
952 |t P60, <09>, [BOOK], {629}  |a SNK  |b SNK  |y NEVYP  |7 0  |o snkC 985  |i snk1833/960522  |0 0  |1 0  |4 0  |d 1996-05-20  |l 0  |r 2005-01-01 00:00:00  |w 2026-02-23 
952 |t P60, <03>, [BOOK], {603}  |a SNK  |b SNK  |y PREZ  |7 0  |p 17A0005142  |o snkSC 90597  |i snkKSP 4523/96  |0 0  |1 0  |4 0  |d 1996-05-20  |f 1  |l 0  |r 2025-09-09 00:00:00  |w 2026-02-23 
952 |t P60, <04>, [BOOK], {604}  |a SNK  |b SNK  |y VYP  |7 0  |p 17A0004556  |o snkSC 90597 D1  |i snkKSP 4524/96  |0 0  |1 0  |4 0  |d 1996-05-20  |l 0  |r 2005-01-01 00:00:00  |w 2026-02-23